Thesis Open Access

ASSESMENT OF EMDIBIR TOWN WATRE SUPPLY SYSTEM IN CHEHA WOREDA, GURAGE ZONE, SNNPR, ETHIOPIA

ANTONYOS WODAJO KORABZA


MARC21 XML Export

<?xml version='1.0' encoding='UTF-8'?>
<record xmlns="http://www.loc.gov/MARC21/slim">
  <leader>00000nam##2200000uu#4500</leader>
  <controlfield tag="005">20240909075556.0</controlfield>
  <controlfield tag="001">1153</controlfield>
  <datafield tag="856" ind1="4" ind2=" ">
    <subfield code="s">2590226</subfield>
    <subfield code="z">md5:2609c69d1b2835024eac9cc7ca7b81be</subfield>
    <subfield code="u">https://zenodo.org/record/1153/files/f1056760592.pdf</subfield>
  </datafield>
  <datafield tag="542" ind1=" " ind2=" ">
    <subfield code="l">open</subfield>
  </datafield>
  <datafield tag="260" ind1=" " ind2=" ">
    <subfield code="c">2019-05-01</subfield>
  </datafield>
  <datafield tag="909" ind1="C" ind2="O">
    <subfield code="o">oai:zenodo.org:1153</subfield>
  </datafield>
  <datafield tag="100" ind1=" " ind2=" ">
    <subfield code="a">ANTONYOS WODAJO KORABZA</subfield>
  </datafield>
  <datafield tag="245" ind1=" " ind2=" ">
    <subfield code="a">ASSESMENT OF EMDIBIR TOWN WATRE SUPPLY SYSTEM IN CHEHA WOREDA, GURAGE ZONE, SNNPR, ETHIOPIA</subfield>
  </datafield>
  <datafield tag="540" ind1=" " ind2=" ">
    <subfield code="u">http://www.opendefinition.org/licenses/cc-by</subfield>
    <subfield code="a">Creative Commons Attribution</subfield>
  </datafield>
  <datafield tag="650" ind1="1" ind2="7">
    <subfield code="a">cc-by</subfield>
    <subfield code="2">opendefinition.org</subfield>
  </datafield>
  <datafield tag="520" ind1=" " ind2=" ">
    <subfield code="a">&lt;p&gt;Urban water supply and consumption challenges are the widespread problems in most of the developing countries such as Ethiopia. The thesis paper focused on the water supply system of Emdibir town, capital city of Cheha Woreda Guraghe zone of Southern Nation Nationality People Regional State of Ethiopia. The main objective of this study was to assess the water supply systems of Emdibir town and to suggest some remedial measure. The water supply coverage has been evaluated by depending on the amount of water production and consumption rate.&lt;/p&gt;</subfield>
  </datafield>
  <datafield tag="773" ind1=" " ind2=" ">
    <subfield code="n">doi</subfield>
    <subfield code="i">isVersionOf</subfield>
    <subfield code="a">10.20372/nadre:1152</subfield>
  </datafield>
  <datafield tag="024" ind1=" " ind2=" ">
    <subfield code="a">10.20372/nadre:1153</subfield>
    <subfield code="2">doi</subfield>
  </datafield>
  <datafield tag="980" ind1=" " ind2=" ">
    <subfield code="a">publication</subfield>
    <subfield code="b">thesis</subfield>
  </datafield>
</record>
0
0
views
downloads
All versions This version
Views 00
Downloads 00
Data volume 0 Bytes0 Bytes
Unique views 00
Unique downloads 00

Share

Cite as